000 01046cam a22003017a 4500
001 17025781
005 20170105102855.0
008 110906s2011 enkabf b 001 0 eng d
010 _a 2011488726
016 7 _a015794485
_2Uk
020 _a9780747599418
020 _a0747599416
035 _a(OCoLC)ocn729347104
040 _aBTCTA
_beng
_cBTCTA
_dYDXCP
_dNLE
_dNDD
_dUKMGB
_dBWK
_dCDX
_dLOA
_dDLC
042 _alccopycat
043 _ae-uk---
050 0 0 _aDA16
_b.K93 2011
100 1 _aKwarteng, Kwasi.
245 1 0 _aGhosts of empire :
_bBritain's legacies in the modern world /
_cKwasi Kwarteng.
260 _aLondon ;
_aNew York :
_bBloomsbury,
_c2011.
300 _a465 p., [16] p. of plates :
_bill. (some col.), map ;
_c24 cm.
504 _aIncludes bibliographical references (p. [433]-443) and index.
650 0 _aDecolonization
_xHistory.
651 0 _aGreat Britain
_xColonies
_xHistory.
906 _a7
_bcbc
_ccopycat
_d2
_encip
_f20
_gy-gencatlg
942 _2ddc
_cBK
999 _c14441
_d14441